| 000 | 00492nam a2200193 i 4500 | ||
|---|---|---|---|
| 001 | 49733 | ||
| 005 | 20230410130407.0 | ||
| 008 | 071114b1968 dr a 000 0 spa | ||
| 040 | _aDRFGD | ||
| 041 | _aspa | ||
| 050 | 1 | 4 | _aP189s 1968 |
| 100 | _aPandiello, C. S. | ||
| 245 | 0 | 3 |
_aEl Suelo Agricola / _cC. S. Pandiello |
| 260 |
_aSanto Domingo : _bImpresos Offset : _c1968 |
||
| 300 | _a29 p. | ||
| 500 | _aEl Suelo Agricola por C. S. Pandiello | ||
| 942 |
_2lcc _cbk |
||
| 946 | _almminaya | ||
| 999 |
_c73907 _d73907 |
||